000 01080nam a22003137a 4500
003 CHAP
005 20220329134620.0
008 971013s1973 r 00010 d
010 _a23047
011 _a24019
035 _a28118
040 _cCHAP
090 _aTesis
100 0 0 _aAvilez Vergara, Enrique Eduardo.
_98859
245 _aAlgunos aspectos generales de la rahabilitación del distrito de riego No. 26, Bajo Río San Juan, Tamps.
260 _aChapingo, Méx. :
_bEl autor,
_c1973
300 _a78 h.
_b; mapa
502 _aTesis (Ing. Agr. Esp. en Irrigación) -- ENA. Departamento de Irrigación
590 _aALEPH
_b10
_c20130110
_lUCH01
_h1247
590 _aBATCH-UPD
_b10
_c20130110
_lUCH01
_h1700
590 _aBATCH-UPD
_b10
_c20130410
_lUCH01
_h1048
590 _aBATCH-UPD
_b10
_c20130914
_lUCH01
_h0458
590 _aCONVERSION
_b10
_c20130109
_lUCH01
_h1314
650 1 4 _aDistrito de Riego Bajo Río San Juan, Tamps.
_932849
901 _aBK
942 _cFOLL
949 _bBC
_cTES
_d-64891
_eTS1
_i28118
_si
949 _bBC
_cTES
_d-64892
_eTS2
_fc.2
_i28118
_si
999 _c23047
_d23047